[Event "Tradewise Gibraltar AmatWk1"]
[Site "Gibraltar"]
[Date "2018.01.22"]
[Round "1.27"]
[White "Kuenitz, Klaus"]
[Black "Lassan, Szabolcs"]
[Result "1-0"]
[WhiteElo "1767"]
[BlackElo "1346"]
[PlyCount "77"]
[EventDate "2018.01.22"]
[EventType "swiss"]
[EventRounds "5"]
[EventCountry "GGB"]

1. d4 d5 2. c4 c6 3. cxd5 cxd5 4. Nc3 e6 5. Bf4 Bd7 6. e3 Nf6 7. Nf3 Na6 8.
Bxa6 bxa6 9. O-O Qa5 10. a3 Rc8 11. Qd2 Be7 12. h3 Bb5 13. Rfc1 Bc4 14. b3 Bxb3
15. Nxd5 Rxc1+ 16. Rxc1 Qxd2 17. Nxf6+ Bxf6 18. Nxd2 Ba4 19. Rc7 Be7 20. Rxa7
Bb5 21. Ne4 O-O 22. Rxe7 Rc8 23. Nd6 Rc1+ 24. Kh2 Kf8 25. Rxf7+ Kg8 26. Be5 Rc2
27. Rxg7+ Kf8 28. Rf7+ Kg8 29. Ra7 Rxf2 30. Ra8+ Rf8 31. Rxf8+ Kxf8 32. Nxb5
axb5 33. Kg3 Ke7 34. e4 Kd7 35. Kf4 Kc6 36. g4 Kb6 37. g5 Ka5 38. h4 Ka4 39.
Bd6 1-0

[Event "Tradewise Gibraltar AmatWk1"]
[Site "Gibraltar"]
[Date "2018.01.22"]
[Round "1.28"]
[White "Apps, Ian"]
[Black "D'haluin, Wim"]
[Result "0-1"]
[WhiteElo "1332"]
[BlackElo "1764"]
[PlyCount "50"]
[EventDate "2018.01.22"]
[EventType "swiss"]
[EventRounds "5"]
[EventCountry "GGB"]

1. d4 g6 2. Bf4 d6 3. Nc3 Bg7 4. e3 a6 5. Nf3 b5 6. a3 Bb7 7. Bd3 Nd7 8. Qd2 c5
9. Be4 cxd4 10. exd4 Bxe4 11. Nxe4 Rc8 12. c3 Nb6 13. Qc2 Nf6 14. Nxf6+ Bxf6
15. O-O-O O-O 16. h4 Nd5 17. Be3 b4 18. axb4 Nxb4 19. Qa4 Qb6 20. Bg5 Rc4 21.
Qa3 Rfc8 22. Bxf6 exf6 23. Kb1 Nd5 24. Rd3 Nxc3+ 25. Ka1 Ra4 0-1

[Event "Tradewise Gibraltar AmatWk1"]
[Site "Gibraltar"]
[Date "2018.01.22"]
[Round "1.29"]
[White "Popham, Sarah"]
[Black "Ashwani, Kumar Grover"]
[Result "0-1"]
[WhiteElo "1238"]
[BlackElo "1752"]
[PlyCount "90"]
[EventDate "2018.01.22"]
[EventType "swiss"]
[EventRounds "5"]
[EventCountry "GGB"]

1. e4 e6 2. Nf3 d5 3. exd5 exd5 4. d4 Bd6 5. Be2 Ne7 6. Nc3 Nbc6 7. O-O Bf5 8.
Bb5 Qd7 9. Re1 f6 10. Nxd5 Bxh2+ 11. Nxh2 Qxd5 12. Bxc6+ Qxc6 13. Qe2 Qd7 14.
c3 Kf7 15. Bf4 Nd5 16. Qf3 h5 17. c4 Nb4 18. Re2 Nc2 19. Rd1 Nxd4 20. Kf1 Nxf3
21. Rxd7+ Bxd7 22. Nxf3 Bg4 23. Rd2 Rad8 24. Re2 Rd1+ 25. Re1 Bxf3 26. gxf3
Rxe1+ 27. Kxe1 g5 28. Bxc7 Rc8 29. Bg3 Rxc4 30. Ke2 h4 31. Bh2 Rc1 32. Bb8 h3
33. Ke3 f5 34. Kd2 Rg1 35. f4 h2 36. fxg5 h1=Q 37. Bxa7 Rd1+ 38. Kc3 Qc6+ 39.
Kb3 Rd3+ 40. Kb4 Qe4+ 41. Kb5 Rd5+ 42. Kb6 Qe6+ 43. Kxb7 Rd7+ 44. Ka8 Qe8+ 45.
Bb8 Qe4# 0-1

[Event "Tradewise Gibraltar AmatWk1"]
[Site "Gibraltar"]
[Date "2018.01.22"]
[Round "1.30"]
[White "Sevillano Garcia, Joaquin"]
[Black "Sagar, Siya"]
[Result "1-0"]
[WhiteElo "1751"]
[BlackElo "1199"]
[PlyCount "185"]
[EventDate "2018.01.22"]
[EventType "swiss"]
[EventRounds "5"]
[EventCountry "GGB"]

1. d4 Nf6 2. Nf3 g6 3. Nc3 d5 4. Bf4 Bg7 5. h3 O-O 6. e3 c6 7. Be2 Nbd7 8. O-O
b6 9. a4 Bb7 10. a5 bxa5 11. Na4 Ne4 12. c4 Rc8 13. c5 e6 14. Nc3 Nxc3 15. bxc3
e5 16. Bg3 e4 17. Nd2 f5 18. Qa4 a6 19. Qxa5 Qxa5 20. Rxa5 Ra8 21. Bd6 Rf7 22.
Rfa1 Nb8 23. Rb1 Bf8 24. Bxf8 Kxf8 25. Nb3 Kg7 26. Ra2 Rc7 27. Na5 Bc8 28. Rab2
Nd7 29. Bd1 Nf8 30. Ba4 Bd7 31. Rb7 Rac8 32. Kf1 Kf6 33. R1b6 Kg7 34. g3 Kf6
35. Rxc7 Rxc7 36. Rxa6 f4 37. gxf4 Bxh3+ 38. Kg1 Bd7 39. Bxc6 Bxc6 40. Rxc6+
Rxc6 41. Nxc6 Ne6 42. Kg2 g5 43. fxg5+ Kxg5 44. Ne5 h5 45. f4+ exf3+ 46. Kxf3
h4 47. Nf7+ Kf5 48. Nd6+ Kg5 49. Nb5 Nd8 50. Nd6 Ne6 51. c6 Nc7 52. Nf7+ Kf5
53. Nd6+ Ke6 54. Nb7 Nb5 55. Kg4 Nxc3 56. Kxh4 Nd1 57. e4 Nc3 58. e5 Nb5 59.
Nc5+ Ke7 60. Nb3 Kd8 61. Kg5 Kc7 62. Kf6 Kxc6 63. Ke7 Kc7 64. Ke8 Kc6 65. Kd8
Nc7 66. Nc5 Nb5 67. e6 Nxd4 68. e7 Kxc5 69. e8=Q Nb5 70. Qe1 d4 71. Kd7 d3 72.
Qe4 d2 73. Qc2+ Kb6 74. Qxd2 Kc5 75. Qh2 Nd4 76. Qh5+ Kc4 77. Qg5 Kd3 78. Kd6
Ke4 79. Qd5+ Ke3 80. Qh1 Kd3 81. Kd5 Nc2 82. Qf1+ Kc3 83. Ke4 Kb3 84. Qd3+ Kb2
85. Qh3 Kb1 86. Kd3 Nb4+ 87. Kc4 Na2 88. Qh2 Nc1 89. Kc3 Na2+ 90. Kb3 Nc1+ 91.
Ka3 Nd3 92. Qd2 Ka1 93. Qa2# 1-0

[Event "Tradewise Gibraltar AmatWk1"]
[Site "Gibraltar"]
[Date "2018.01.22"]
[Round "1.31"]
[White "Dhanwani, Aryan"]
[Black "Klementys, Jerzy"]
[Result "0-1"]
[WhiteElo "1083"]
[BlackElo "1739"]
[PlyCount "122"]
[EventDate "2018.01.22"]
[EventType "swiss"]
[EventRounds "5"]
[EventCountry "GGB"]

1. e4 c5 2. Nf3 d6 3. d4 cxd4 4. Nxd4 Nf6 5. Nc3 a6 6. Be3 e5 7. Nb3 Be6 8. Nd5
Nxd5 9. exd5 Bf5 10. Bd3 Bxd3 11. Qxd3 Be7 12. O-O O-O 13. f4 Nd7 14. Rf3 f5
15. Rh3 e4 16. Qe2 Nf6 17. Rd1 Ng4 18. Nd4 Qd7 19. Ne6 Rf7 20. Bd4 Bf6 21. Bxf6
Nxf6 22. Ng5 Rff8 23. Ne6 Rfc8 24. Rc3 Rxc3 25. bxc3 Nxd5 26. Rxd5 Qxe6 27. Ra5
d5 28. Qe3 b6 29. Ra3 Qc6 30. Rb3 b5 31. h3 Rc8 32. Qd4 Qc5 33. Qxc5 Rxc5 34.
Ra3 Rc6 35. Kf2 h5 36. Ke3 Kf7 37. Kd4 Ke6 38. Rb3 h4 39. Ke3 Kd6 40. Kd4 Rc4+
41. Ke3 Kc5 42. Kd2 Kb6 43. Rb1 Ra4 44. Ra1 Ra3 45. g3 hxg3 46. Rg1 d4 47. Rxg3
dxc3+ 48. Kd1 Rxa2 49. Rxc3 Ra1+ 50. Ke2 Rg1 51. Kf2 Rg6 52. Rc8 Rc6 53. Rb8+
Ka7 54. Rf8 g6 55. Kg3 a5 56. Rd8 a4 57. Rd7+ Kb6 58. Rd1 Rxc2 59. Ra1 Ka5 60.
Kh4 b4 61. Kg5 Rg2+ 0-1

[Event "Tradewise Gibraltar AmatWk1"]
[Site "Gibraltar"]
[Date "2018.01.23"]
[Round "2.1"]
[White "Pena, Helio Adelino Silva"]
[Black "Jenssveen, Trym"]
[Result "1-0"]
[WhiteElo "1894"]
[BlackElo "1772"]
[PlyCount "59"]
[EventDate "2018.01.22"]
[EventType "swiss"]
[EventRounds "5"]
[EventCountry "GGB"]

1. e4 c5 2. Nf3 d6 3. d4 cxd4 4. Nxd4 Nf6 5. Nc3 a6 6. Be2 e5 7. Nb3 Be7 8. O-O
O-O 9. Bg5 Be6 10. Bxf6 Bxf6 11. Nd5 Bxd5 12. Qxd5 Nc6 13. c3 Qc7 14. Rad1 Rfd8
15. Qd3 Rac8 16. Qg3 a5 17. Rd3 Qe7 18. Rfd1 b5 19. Nd2 a4 20. Nf1 Qc7 21. Ne3
Be7 22. Nd5 Qb7 23. Qg4 Bf8 24. Nf6+ Kh8 25. Nxh7 Kxh7 26. Qh5+ Kg8 27. Rh3 f6
28. Bg4 Re8 29. Bf5 g5 30. Qh8+ 1-0

[Event "Tradewise Gibraltar AmatWk1"]
[Site "Gibraltar"]
[Date "2018.01.23"]
[Round "2.2"]
[White "Odiase, Oluwaseun"]
[Black "Cherigui, Mourad"]
[Result "0-1"]
[WhiteElo "1768"]
[BlackElo "1892"]
[PlyCount "36"]
[EventDate "2018.01.22"]
[EventType "swiss"]
[EventRounds "5"]
[EventCountry "GGB"]

1. c4 e5 2. g3 Nf6 3. Bg2 d5 4. cxd5 Nxd5 5. Nf3 Nc6 6. O-O Be6 7. b3 f6 8. Bb2
Qd7 9. Nc3 O-O-O 10. Nxd5 Bxd5 11. d3 h5 12. h4 g5 13. hxg5 h4 14. gxf6 h3 15.
Nh4 hxg2 16. Re1 Qh3 17. f3 Qxg3 18. Nf5 Rh1# 0-1

[Event "Tradewise Gibraltar AmatWk1"]
[Site "Gibraltar"]
[Date "2018.01.23"]
[Round "2.3"]
[White "Obiamiwe, Paul"]
[Black "Kuenitz, Klaus"]
[Result "1/2-1/2"]
[WhiteElo "1891"]
[BlackElo "1767"]
[PlyCount "100"]
[EventDate "2018.01.22"]
[EventType "swiss"]
[EventRounds "5"]
[EventCountry "GGB"]

1. Nf3 f5 2. c4 Nf6 3. g3 d6 4. d4 g6 5. Bg2 Bg7 6. O-O O-O 7. Nc3 c6 8. d5 e5
9. dxe6 Bxe6 10. Qd3 Qe7 11. Ng5 Bc8 12. Rd1 Rd8 13. Bf4 Nh5 14. Be3 h6 15. Nf3
Be6 16. Bc5 Bf8 17. Ba3 Na6 18. b3 Qf7 19. Nd4 Nc5 20. Qc2 Bd7 21. e4 Ng7 22.
Qd2 Nce6 23. Nde2 g5 24. exf5 Nxf5 25. Ne4 c5 26. Bb2 Nfd4 27. Nxd4 Nxd4 28.
Bxd4 cxd4 29. Rac1 Bg4 30. Rf1 Bg7 31. f4 gxf4 32. Rxf4 Qg6 33. Rcf1 Rf8 34.
Rxf8+ Rxf8 35. Rxf8+ Kxf8 36. Qf4+ Ke7 37. c5 dxc5 38. Qc7+ Kf8 39. Nd6 Qf6 40.
Qxc5 Qe5 41. Qxe5 Bxe5 42. Nc4 d3 43. Kf2 Bd4+ 44. Ke1 Bc3+ 45. Nd2 Ke7 46.
Bxb7 Kd6 47. Bg2 Be2 48. h4 Ke5 49. a3 Kd4 50. b4 Ke3 1/2-1/2

[Event "Tradewise Gibraltar AmatWk1"]
[Site "Gibraltar"]
[Date "2018.01.23"]
[Round "2.4"]
[White "D'haluin, Wim"]
[Black "Garcia-Blazquez Perez, Manuel"]
[Result "0-1"]
[WhiteElo "1764"]
[BlackElo "1877"]
[PlyCount "20"]
[EventDate "2018.01.22"]
[EventType "swiss"]
[EventRounds "5"]
[EventCountry "GGB"]

1. d4 f5 2. Nf3 g6 3. Bf4 Bg7 4. e3 Nf6 5. h3 O-O 6. Bc4+ e6 7. d5 Nxd5 8. Be5
Bxe5 9. Nxe5 Qf6 10. Nd3 Nxe3 0-1

[Event "Tradewise Gibraltar AmatWk1"]
[Site "Gibraltar"]
[Date "2018.01.23"]
[Round "2.5"]
[White "Flynn, David"]
[Black "Mircov, Nicola-Alexandar"]
[Result "1-0"]
[WhiteElo "1876"]
[BlackElo "1754"]
[PlyCount "83"]
[EventDate "2018.01.22"]
[EventType "swiss"]
[EventRounds "5"]
[EventCountry "GGB"]

1. e4 c5 2. c3 d5 3. exd5 Qxd5 4. d4 Nf6 5. Nf3 e6 6. Na3 Qd8 7. Nc2 Nc6 8. Be2
Be7 9. O-O O-O 10. dxc5 Bxc5 11. Be3 Bxe3 12. Nxe3 Qc7 13. Qc2 b6 14. Ng5 Ne5
15. Ng4 Nexg4 16. Bxg4 Ba6 17. Be2 Bb7 18. Bf3 h6 19. Bxb7 Qxb7 20. Nf3 Rfd8
21. Rfd1 Rd5 22. Rxd5 Qxd5 23. c4 Rc8 24. Rc1 Qc5 25. Qe2 Rd8 26. h3 Qd6 27. b3
Nh5 28. Rc2 Nf4 29. Qe1 Qc6 30. Kh2 Rd3 31. Rc3 Qd6 32. g3 Ne2 33. Rxd3 Qxd3
34. Kg2 Qe4 35. Qd2 f5 36. Qd8+ Kh7 37. Qd6 f4 38. Qe5 Qxe5 39. Nxe5 fxg3 40.
fxg3 Nc1 41. Nc6 a5 42. b4 1-0

[Event "Tradewise Gibraltar AmatWk1"]
[Site "Gibraltar"]
[Date "2018.01.23"]
[Round "2.6"]
[White "Ashwani, Kumar Grover"]
[Black "Marcos Herrero, Francisco"]
[Result "1-0"]
[WhiteElo "1752"]
[BlackElo "1876"]
[PlyCount "69"]
[EventDate "2018.01.22"]
[EventType "swiss"]
[EventRounds "5"]
[EventCountry "GGB"]

1. e4 c5 2. Nf3 Nc6 3. d4 cxd4 4. Nxd4 g6 5. Nc3 Bg7 6. Be3 Nf6 7. Nb3 O-O 8.
f3 d6 9. Qd2 a5 10. a4 Be6 11. O-O-O Bxb3 12. cxb3 Nb4 13. g4 Rc8 14. Kb1 Qc7
15. h4 h5 16. gxh5 Nxh5 17. Bc4 Rfd8 18. Rhg1 e6 19. Bg5 Rd7 20. f4 d5 21. f5
dxc4 22. Qxd7 exf5 23. exf5 Kh7 24. fxg6+ fxg6 25. Qxc7 Rxc7 26. Bd8 Rc5 27.
Ne4 Rf5 28. Ng5+ Kh6 29. Rgf1 Nf4 30. Rd7 Nc6 31. Bc7 Ng2 32. Rxf5 gxf5 33. Nf3
cxb3 34. Rd2 Ne3 35. Bf4+ 1-0

[Event "Tradewise Gibraltar AmatWk1"]
[Site "Gibraltar"]
[Date "2018.01.23"]
[Round "2.7"]
[White "Klementys, Jerzy"]
[Black "Jimenez Ruiz, Jose Carlos"]
[Result "1-0"]
[WhiteElo "1739"]
[BlackElo "1874"]
[PlyCount "93"]
[EventDate "2018.01.22"]
[EventType "swiss"]
[EventRounds "5"]
[EventCountry "GGB"]

1. d4 Nf6 2. c4 e6 3. Nc3 Bb4 4. Qc2 Nc6 5. Nf3 d6 6. a3 Bxc3+ 7. Qxc3 a5 8. b3
Qe7 9. Bb2 O-O 10. e3 Re8 11. Be2 e5 12. d5 Nb8 13. Qc2 Na6 14. e4 Nc5 15. Nd2
Bd7 16. O-O c6 17. b4 axb4 18. axb4 Na6 19. Bc3 cxd5 20. exd5 Rec8 21. Ne4 Nxe4
22. Qxe4 f5 23. Qd3 Nc7 24. f4 b5 25. c5 Rxa1 26. Bxa1 e4 27. Qd4 Qf8 28. Bc3
Qf6 29. Qd2 Qf7 30. Rd1 Ra8 31. Qd4 Ra4 32. cxd6 Ne8 33. Qb6 Ra2 34. Bxb5 Bxb5
35. Qxb5 Nxd6 36. Qb8+ Qf8 37. Qxf8+ Kxf8 38. Be5 Nc4 39. d6 Nxe5 40. fxe5 Ke8
41. e6 Ra8 42. Kf2 f4 43. g3 g5 44. Rc1 Ra2+ 45. Kg1 Kd8 46. e7+ Kd7 47. Rc8
1-0

[Event "Tradewise Gibraltar AmatWk1"]
[Site "Gibraltar"]
[Date "2018.01.23"]
[Round "2.8"]
[White "Kurzok, Zenon"]
[Black "Lochte, Szilvia"]
[Result "1/2-1/2"]
[WhiteElo "1728"]
[BlackElo "1862"]
[PlyCount "39"]
[EventDate "2018.01.22"]
[EventType "swiss"]
[EventRounds "5"]
[EventCountry "GGB"]

1. e4 c5 2. Nf3 e6 3. d4 cxd4 4. Nxd4 a6 5. Nd2 Nc6 6. Nxc6 dxc6 7. Bd3 Qc7 8.
O-O Nf6 9. Qe2 e5 10. h3 Be6 11. a4 a5 12. Nc4 Bc5 13. Bd2 b6 14. Kh1 O-O 15.
f4 Bxc4 16. Bxc4 Rad8 17. Bd3 Qd6 18. f5 Bd4 19. Rab1 Bc5 20. g4 1/2-1/2

[Event "Tradewise Gibraltar AmatWk1"]
[Site "Gibraltar"]
[Date "2018.01.23"]
[Round "2.9"]
[White "Francois-Haugrin, Said"]
[Black "Gonzalez Pabollet, Jesus Maria S"]
[Result "1-0"]
[WhiteElo "1714"]
[BlackElo "1852"]
[PlyCount "167"]
[EventDate "2018.01.22"]
[EventType "swiss"]
[EventRounds "5"]
[EventCountry "GGB"]

1. e4 c5 2. Nc3 e6 3. f4 Nc6 4. Nf3 a6 5. a4 b6 6. d4 cxd4 7. Nxd4 Bb7 8. Be2
Bb4 9. Nb3 Qh4+ 10. g3 Qe7 11. O-O Nf6 12. Bf3 d6 13. Be3 Qc7 14. Qe2 O-O 15.
Qf2 Nd7 16. Ne2 Bc5 17. Nxc5 dxc5 18. c3 Na5 19. Rad1 Nc4 20. Bc1 Nf6 21. Qg2
Rad8 22. b3 Na5 23. e5 Bxf3 24. Qxf3 Nd5 25. c4 Nb4 26. Nc3 Nxb3 27. Ne4 Nd4
28. Qg4 Kh8 29. Ng5 h6 30. Qh5 Qb7 31. Be3 Nbc6 32. Ne4 Nf5 33. Nd6 Rxd6 34.
Rxd6 Nxe3 35. Rf2 Nd4 36. Rb2 Nf3+ 37. Kf2 Nd1+ 38. Rxd1 Nd4 39. Rxd4 cxd4 40.
Qf3 Qc7 41. Qd3 Rd8 42. h3 Qc6 43. Rb4 Qc5 44. Rb3 Qc6 45. Rb4 Qc5 46. Rb3 Qa5
47. Ra3 Qb4 48. Ke2 Qb2+ 49. Kf3 Qc1 50. Rb3 Qh1+ 51. Kf2 Qh2+ 52. Kf3 Qxh3 53.
Rxb6 Qh1+ 54. Kf2 Qh2+ 55. Kf3 g6 56. c5 Qh1+ 57. Kf2 Qh2+ 58. Kf1 Qh1+ 59. Ke2
Qg2+ 60. Kd1 Qd5 61. Rd6 Qh1+ 62. Ke2 Qg2+ 63. Kd1 Qh1+ 64. Kc2 Rb8 65. Rb6
Rxb6 66. cxb6 Qc6+ 67. Kd2 Qxb6 68. Ke2 Qb2+ 69. Kf3 Qc3 70. Ke2 Qb2+ 71. Kf3
a5 72. Ke4 Kg7 73. Qxd4 Qxd4+ 74. Kxd4 f6 75. Kc5 fxe5 76. fxe5 h5 77. Kb5 g5
78. Kxa5 h4 79. gxh4 gxh4 80. Kb6 h3 81. a5 h2 82. a6 h1=Q 83. a7 Qa8 84. Kc7
1-0

[Event "Tradewise Gibraltar AmatWk1"]
[Site "Gibraltar"]
[Date "2018.01.23"]
[Round "2.10"]
[White "Georgieva, Emilia"]
[Black "Sevillano Garcia, Joaquin"]
[Result "1-0"]
[WhiteElo "1848"]
[BlackElo "1751"]
[PlyCount "21"]
[EventDate "2018.01.22"]
[EventType "swiss"]
[EventRounds "5"]
[EventCountry "GGB"]

1. d4 Nf6 2. Nf3 e6 3. c3 d5 4. Bg5 Be7 5. e3 Nbd7 6. Nbd2 b6 7. Bd3 Bb7 8. Qa4
O-O 9. Ne5 Nxe5 10. dxe5 Nd7 11. Qh4 1-0

[Event "Tradewise Gibraltar AmatWk1"]
[Site "Gibraltar"]
[Date "2018.01.23"]
[Round "2.11"]
[White "Galvan Cipriani, Viviana"]
[Black "Mielke, Torsten"]
[Result "1-0"]
[WhiteElo "1826"]
[BlackElo "1739"]
[PlyCount "77"]
[EventDate "2018.01.22"]
[EventType "swiss"]
[EventRounds "5"]
[EventCountry "GGB"]

1. Nf3 Nf6 2. c4 g6 3. Nc3 c6 4. e4 d6 5. d4 Bg7 6. Be2 O-O 7. O-O c5 8. Ne1
cxd4 9. Qxd4 Nc6 10. Qd1 Nd7 11. Be3 Nc5 12. Nc2 Bxc3 13. bxc3 Nxe4 14. Qe1 Qa5
15. Bf3 Ng5 16. Bd5 e6 17. Bxg5 exd5 18. Bh6 Bf5 19. Bxf8 Rxf8 20. cxd5 Bxc2
21. Qd2 Ba4 22. dxc6 Bxc6 23. Qd4 d5 24. Rad1 a6 25. Rd2 Re8 26. f4 Re4 27. Qf6
Re6 28. Qd4 Re4 29. Qf6 Re6 30. Qg5 Qxc3 31. Rdf2 Qf6 32. Qg4 Qd4 33. Qg3 f5
34. h3 Bb5 35. Rc1 Re2 36. Rc8+ Re8 37. Rc7 Re1+ 38. Kh2 Qa1 39. Qh4 1-0

[Event "Tradewise Gibraltar AmatWk1"]
[Site "Gibraltar"]
[Date "2018.01.23"]
[Round "2.12"]
[White "Stamenov, Valeriy"]
[Black "Khoo-Thwe, Louis"]
[Result "1-0"]
[WhiteElo "1803"]
[BlackElo "1724"]
[PlyCount "135"]
[EventDate "2018.01.22"]
[EventType "swiss"]
[EventRounds "5"]
[EventCountry "GGB"]

1. e4 e5 2. Nf3 Nc6 3. Bc4 Bc5 4. O-O Nf6 5. d4 Bxd4 6. Nxd4 Nxd4 7. f4 Qe7 8.
fxe5 Qxe5 9. Be3 Nc6 10. Nc3 O-O 11. Rf5 Qe7 12. Bg5 d5 13. Bxf6 Qc5+ 14. Kh1
Bxf5 15. Bxd5 Bg6 16. Bh4 Rab8 17. Bg3 Nb4 18. Bb3 Rbd8 19. Qf3 Nc6 20. Qf4 Rd7
21. Rf1 Nd4 22. Bf2 Qb6 23. Nd5 Qe6 24. Bxd4 Qxe4 25. Qxe4 Bxe4 26. Bc5 Bxd5
27. c4 Bc6 28. Bxf8 Kxf8 29. Rf2 Rd3 30. h3 Rxh3+ 31. Kg1 Re3 32. Rd2 Ke7 33.
Kf2 Re5 34. Bc2 Rg5 35. Kf1 f5 36. b3 g6 37. b4 a6 38. Bd1 Be4 39. a4 Rg3 40.
c5 Rd3 41. Rxd3 Bxd3+ 42. Kf2 c6 43. Ke3 Bc4 44. Kd4 Bd5 45. g3 Ke6 46. Be2 Bb3
47. b5 axb5 48. axb5 Ba4 49. Bc4+ Kf6 50. b6 Bd1 51. Ba6 Ke6 52. Bxb7 Kd7 53.
Ba6 Bc2 54. Ke5 g5 55. Bc4 h5 56. Be6+ Kd8 57. Kd6 Bb3 58. Bxf5 Ke8 59. b7 Kf7
60. b8=Q Bd5 61. Qd8 h4 62. gxh4 gxh4 63. Qxh4 Bf3 64. Qe7+ Kg8 65. Ke5 Bh5 66.
Kf6 Bf7 67. Qxf7+ Kh8 68. Qg7# 1-0

[Event "Tradewise Gibraltar AmatWk1"]
[Site "Gibraltar"]
[Date "2018.01.23"]
[Round "2.13"]
[White "Naldrett, Geoffrey"]
[Black "Opasiak, Dustin Tennessee"]
[Result "1/2-1/2"]
[WhiteElo "1547"]
[BlackElo "1797"]
[PlyCount "61"]
[EventDate "2018.01.22"]
[EventType "swiss"]
[EventRounds "5"]
[EventCountry "GGB"]

1. c4 e5 2. Nc3 Bb4 3. g3 Bxc3 4. bxc3 Nc6 5. Bg2 d6 6. d3 Bd7 7. Rb1 b6 8. Nf3
Nge7 9. O-O O-O 10. Ne1 Qc8 11. Nc2 Bh3 12. Nb4 Bxg2 13. Kxg2 Qb7 14. Kg1 f5
15. f4 e4 16. Qc2 a5 17. Nd5 exd3 18. Nxe7+ Nxe7 19. exd3 Rae8 20. Qf2 Qc6 21.
Be3 Qa4 22. Qb2 Nc6 23. Rfe1 Nd8 24. Qb3 Qxb3 25. axb3 Re7 26. Bd2 Rfe8 27. Kf2
Kf7 28. Rxe7+ Rxe7 29. Re1 Rxe1 30. Kxe1 Ne6 31. d4 1/2-1/2

[Event "Tradewise Gibraltar AmatWk1"]
[Site "Gibraltar"]
[Date "2018.01.23"]
[Round "2.14"]
[White "Anjali, R. Sagar"]
[Black "Greco, Joseph"]
[Result "1-0"]
[WhiteElo "1792"]
[BlackElo "1650"]
[PlyCount "55"]
[EventDate "2018.01.22"]
[EventType "swiss"]
[EventRounds "5"]
[EventCountry "GGB"]

1. e4 e6 2. d4 d5 3. Nd2 Nf6 4. e5 Nfd7 5. Bd3 c5 6. c3 Nc6 7. Ne2 Qb6 8. Nf3
cxd4 9. cxd4 Be7 10. O-O Qd8 11. a3 Nf8 12. g3 h5 13. h4 a6 14. Bd2 Bd7 15. Rc1
Qb6 16. Rc3 f6 17. Rb3 Qa7 18. exf6 gxf6 19. Nf4 Kf7 20. Re1 b5 21. Qe2 Bd6 22.
Nxh5 Rxh5 23. Ng5+ Rxg5 24. hxg5 fxg5 25. Qh5+ Kg8 26. Qxg5+ Kf7 27. Be2 Ng6
28. Bh5 1-0

[Event "Tradewise Gibraltar AmatWk1"]
[Site "Gibraltar"]
[Date "2018.01.23"]
[Round "2.15"]
[White "Volkov, Andreiy"]
[Black "Spanton, Tim R"]
[Result "1/2-1/2"]
[WhiteElo "1698"]
[BlackElo "1888"]
[PlyCount "128"]
[EventDate "2018.01.22"]
[EventType "swiss"]
[EventRounds "5"]
[EventCountry "GGB"]

1. e4 c5 2. Nf3 g6 3. c3 Bg7 4. Bc4 e6 5. d4 cxd4 6. cxd4 d5 7. exd5 exd5 8.
Bb3 Ne7 9. O-O O-O 10. Nc3 Nbc6 11. Bf4 Bg4 12. Be5 Nxe5 13. dxe5 Bxe5 14. Nxd5
Bxb2 15. Rb1 Bg7 16. Re1 Nc6 17. Ba4 Nd4 18. Ne7+ Kh8 19. Rxb7 Nxf3+ 20. gxf3
Qxd1 21. Bxd1 Be6 22. Bb3 Bxb3 23. axb3 a5 24. Nc6 Bf6 25. Ne5 Bxe5 26. Rxe5 a4
27. bxa4 Rxa4 28. Ree7 Kg7 29. Kg2 Rf4 30. Kg3 Rf5 31. h4 h5 32. f4 Ra8 33. Ra7
Rxa7 34. Rxa7 Rb5 35. Rd7 Rb3+ 36. f3 Rb6 37. Rd5 Kf6 38. Rg5 Rb1 39. Kg2 Rb4
40. Kg3 Rd4 41. Re5 Rd6 42. Rg5 Kg7 43. f5 Rd1 44. fxg6 fxg6 45. Ra5 Kf6 46.
Rb5 Rd4 47. Ra5 Rd6 48. Rb5 Re6 49. Ra5 Re5 50. Ra6+ Kf5 51. Ra4 Rd5 52. Rf4+
Ke6 53. Re4+ Re5 54. Kf4 Rxe4+ 55. fxe4 Kf6 56. e5+ Ke6 57. Ke4 Kf7 58. Kd5 Ke7
59. e6 g5 60. hxg5 h4 61. Ke4 Kxe6 62. Kf4 h3 63. Kg3 Kf5 64. Kxh3 Kxg5 1/2-1/2

[Event "Tradewise Gibraltar AmatWk1"]
[Site "Gibraltar"]
[Date "2018.01.23"]
[Round "2.16"]
[White "Cemborain Oricain, Alfonso"]
[Black "Yilmaz, Kazim"]
[Result "1-0"]
[WhiteElo "1886"]
[BlackElo "1656"]
[PlyCount "141"]
[EventDate "2018.01.22"]
[EventType "swiss"]
[EventRounds "5"]
[EventCountry "GGB"]

1. e4 e5 2. Nf3 Nc6 3. d4 Nxd4 4. Nxd4 exd4 5. Qxd4 Qf6 6. e5 Qb6 7. Qf4 Qh6 8.
Nc3 Qxf4 9. Bxf4 Bb4 10. Bd3 Bxc3+ 11. bxc3 Ne7 12. Be4 Nc6 13. O-O O-O 14. Bd5
Re8 15. Rfe1 a5 16. Rab1 b6 17. Rbd1 Bb7 18. Bg3 a4 19. Re4 Nd8 20. Red4 Bc6
21. Bxc6 dxc6 22. f4 Ne6 23. Rd7 g6 24. Kf2 Ra5 25. Rb1 Rd8 26. Rxd8+ Nxd8 27.
Rb4 Ne6 28. Ke2 c5 29. Rb1 b5 30. Kf3 c6 31. Bf2 h5 32. Ke4 c4 33. Rd1 Ra8 34.
Rd6 Rc8 35. h3 Kf8 36. g4 hxg4 37. hxg4 Ke8 38. Be3 Nd8 39. f5 gxf5+ 40. gxf5
Nb7 41. Rh6 Nd8 42. Bg5 a3 43. Rh8+ Kd7 44. Rf8 Kc7 45. Bxd8+ Rxd8 46. Rxf7+
Kb6 47. e6 Rd2 48. Ke3 Rd1 49. Ke2 Rd5 50. e7 Re5+ 51. Kf2 Kc5 52. f6 Kd6 53.
Rf8 Kd7 54. Rd8+ Kc7 55. e8=Q Rxe8 56. Rxe8 c5 57. f7 b4 58. cxb4 cxb4 59. f8=Q
b3 60. cxb3 cxb3 61. Qf7+ Kd6 62. Qxb3 Kd7 63. Qf7+ Kd6 64. Qe6+ Kc5 65. Rc8+
Kd4 66. Rd8+ Kc5 67. Qc8+ Kb6 68. Rd3 Ka7 69. Rxa3+ Kb6 70. Rb3+ Ka5 71. Qa8#
1-0

[Event "Tradewise Gibraltar AmatWk1"]
[Site "Gibraltar"]
[Date "2018.01.23"]
[Round "2.17"]
[White "Atakay, Mustafa"]
[Black "Volovik, Konstantin"]
[Result "1-0"]
[WhiteElo "1874"]
[BlackElo "1701"]
[PlyCount "109"]
[EventDate "2018.01.22"]
[EventType "swiss"]
[EventRounds "5"]
[EventCountry "GGB"]

1. d4 a6 2. c4 b5 3. e3 e6 4. Nf3 bxc4 5. Bxc4 Bb7 6. Nc3 Nf6 7. Qe2 d5 8. Bd3
Nbd7 9. O-O Bd6 10. a3 c5 11. e4 dxe4 12. Nxe4 Nxe4 13. Bxe4 Bxe4 14. Qxe4 O-O
15. Rd1 Nf6 16. Qc6 cxd4 17. Rxd4 Nd5 18. Bg5 Qc7 19. Rc1 Qxc6 20. Rxc6 Be7 21.
Rxd5 exd5 22. Bxe7 Rfc8 23. Rc5 f6 24. b4 Kf7 25. Rxc8 Rxc8 26. Bc5 a5 27. Nd4
axb4 28. axb4 g6 29. Kf1 Ke8 30. Ke2 Kd7 31. Kd3 Ra8 32. b5 Ra1 33. Nb3 Rd1+
34. Kc2 Re1 35. Kc3 Re5 36. Bd4 Re2 37. b6 Kc6 38. Na5+ Kb5 39. b7 Re8 40. Ba7
Kxa5 41. b8=Q Rxb8 42. Bxb8 Kb5 43. Kd4 Kc6 44. g4 h6 45. Bg3 Kd7 46. Kxd5 Ke7
47. Bd6+ Kf7 48. f4 h5 49. gxh5 gxh5 50. f5 h4 51. h3 Kg8 52. Ke6 Kg7 53. Be7
Kh6 54. Bxf6 Kh5 55. Bxh4 1-0

[Event "Tradewise Gibraltar AmatWk1"]
[Site "Gibraltar"]
[Date "2018.01.23"]
[Round "2.18"]
[White "Webel, Peter"]
[Black "Bullock, Lee"]
[Result "1-0"]
[WhiteElo "1853"]
[BlackElo "1572"]
[PlyCount "67"]
[EventDate "2018.01.22"]
[EventType "swiss"]
[EventRounds "5"]
[EventCountry "GGB"]

1. d4 d6 2. c4 Nd7 3. Nc3 e5 4. d5 h6 5. g3 Ngf6 6. Bg2 Be7 7. Nf3 c6 8. dxc6
bxc6 9. Nh4 Qc7 10. Nf5 Bf8 11. O-O Nb6 12. Ne3 Be6 13. b3 Rd8 14. Bb2 Be7 15.
Rc1 O-O 16. Qd3 Qd7 17. Rfd1 a5 18. Ne4 Nxe4 19. Qxe4 Rc8 20. Bxe5 f5 21. Qb1
Rcd8 22. Qb2 Bf6 23. Bxf6 Rxf6 24. c5 Nc8 25. cxd6 Nxd6 26. Bxc6 Qa7 27. Bd5
Re8 28. Bxe6+ Rexe6 29. Qd4 Qb7 30. Nd5 Rf7 31. Nf4 Ref6 32. Qd5 Qa7 33. Qc5
Qa6 34. Qc6 1-0

[Event "Tradewise Gibraltar AmatWk1"]
[Site "Gibraltar"]
[Date "2018.01.23"]
[Round "2.19"]
[White "Lake, Andrew N"]
[Black "Dennis, Nigel W"]
[Result "0-1"]
[WhiteElo "1703"]
[BlackElo "1804"]
[PlyCount "61"]
[EventDate "2018.01.22"]
[EventType "swiss"]
[EventRounds "5"]
[EventCountry "GGB"]

1. e4 c5 2. Nc3 g6 3. g3 Bg7 4. Bg2 d6 5. d3 Nc6 6. Be3 Nf6 7. h3 O-O 8. Qd2 a6
9. f4 Qc7 10. Nf3 Bd7 11. O-O Rab8 12. Ne2 b5 13. g4 e6 14. Ng3 b4 15. c3 Kh8
16. Qf2 bxc3 17. bxc3 Rfc8 18. Rac1 Ng8 19. h4 a5 20. h5 h6 21. Nh4 Nce7 22.
Bf3 a4 23. g5 a3 24. Rc2 Rb5 25. f5 exf5 26. exf5 gxf5 27. Bg2 Rcb8 28. Ngxf5
Nxf5 29. Nxf5 Bxf5 30. Qxf5 c4 31. d4 0-1